LIBRARY & INFORMATION CENTRE, KCAET, TAVANUR

ONLINE PUBLIC ACCESS CATALOGUE (OPAC)

Text book of engineering mechanics: Statics and dynamics / (Record no. 13157)

MARC details
000 -LEADER
fixed length control field 00507cam a2200181ua 4500
041 ## - LANGUAGE CODE
Language code of text/sound track or separate title eng
082 ## - DEWEY DECIMAL CLASSIFICATION NUMBER
Classification number 620.1
Item number DOM/TE
100 ## - MAIN ENTRY--AUTHOR NAME
Personal name Domkundwar, V.M .
245 ## - TITLE STATEMENT
Title Text book of engineering mechanics: Statics and dynamics /
260 ## - PUBLICATION, DISTRIBUTION, ETC. (IMPRINT)
Place of publication New Delhi :
Name of publisher Dhanpat Rai Publishing Co. Pvt. Ltd. ,
Year of publication 2007.
300 ## - PHYSICAL DESCRIPTION
Number of Pages ; .
700 1# - ADDED ENTRY--PERSONAL NAME
Personal name Domkundwar, Anand V .
942 ## - ADDED ENTRY ELEMENTS (KOHA)
Koha item type Books
Holdings
Withdrawn status Lost status Damaged status Home library Current library Date acquired Full call number Accession Number Koha item type
      KAUAET KAUAET 07/04/2012 620.1 21427 Books
free website counter